000 00369nam a2200145Ia 4500
008 221030s9999 xx 000 0 und d
020 _a8192315225
041 _aEnglish
100 _aN. S. Gupta
245 0 _aManagement Process & Organisational Behaviour
_cby N. S. Gupta
260 _bGMC Pub.
_aDelhi
_c2013
300 _a702
650 _aManagement
942 _cBK
999 _c14948
_d14948